<?xml version="1.0" encoding="UTF-8"?>
<record
    xmlns:xsi="http://www.w3.org/2001/XMLSchema-instance"
    xsi:schemaLocation="http://www.loc.gov/MARC21/slim http://www.loc.gov/standards/marcxml/schema/MARC21slim.xsd"
    xmlns="http://www.loc.gov/MARC21/slim">

  <leader>01116nam a22001697a 4500</leader>
  <controlfield tag="008">140707b        xxu||||| |||| 00| 0 eng d</controlfield>
  <datafield tag="020" ind1=" " ind2=" ">
    <subfield code="a">9780199280469</subfield>
  </datafield>
  <datafield tag="050" ind1=" " ind2=" ">
    <subfield code="a">HB99.5.B488</subfield>
  </datafield>
  <datafield tag="100" ind1=" " ind2=" ">
    <subfield code="a">edited by Streck, Wolfgang.</subfield>
  </datafield>
  <datafield tag="245" ind1=" " ind2=" ">
    <subfield code="a">Beyound continuity: Institutional change in advanced political economies. /</subfield>
    <subfield code="c">Worlfgang Streeck.</subfield>
  </datafield>
  <datafield tag="260" ind1=" " ind2=" ">
    <subfield code="a">New York:</subfield>
    <subfield code="b">Oxford,</subfield>
    <subfield code="c">2005.</subfield>
  </datafield>
  <datafield tag="300" ind1=" " ind2=" ">
    <subfield code="a">x,290p.:</subfield>
    <subfield code="c">24cm.</subfield>
  </datafield>
  <datafield tag="500" ind1=" " ind2=" ">
    <subfield code="a">Includes index.</subfield>
  </datafield>
  <datafield tag="505" ind1=" " ind2=" ">
    <subfield code="a">Contents: Introduction: Institutional change in advanced political economies -- Policy drift: The hidden politics of US welfare state retrenchment -- Changing dominant practice: Making use of institutional diversity in Hungary and united kingdom -- Redeploying the state: Liberalization and social policy in France -- Ambiguous agreement, cumulative change: French social policy in the 1990's -- Routine adjustment and bounded innovation: The changing political economy of Japan -- Change from within: German and Italian finance in the 1990's -- Institutional resettlement: The case of early retirement in Germany.</subfield>
  </datafield>
  <datafield tag="700" ind1=" " ind2=" ">
    <subfield code="a">Thelen, Kathleen.</subfield>
  </datafield>
  <datafield tag="942" ind1=" " ind2=" ">
    <subfield code="2">lcc</subfield>
    <subfield code="c">BK</subfield>
  </datafield>
  <datafield tag="999" ind1=" " ind2=" ">
    <subfield code="c">3102</subfield>
    <subfield code="d">10602</subfield>
  </datafield>
  <datafield tag="952" ind1=" " ind2=" ">
    <subfield code="0">0</subfield>
    <subfield code="1">0</subfield>
    <subfield code="2">lcc</subfield>
    <subfield code="4">0</subfield>
    <subfield code="7">0</subfield>
    <subfield code="a">WIUC-1</subfield>
    <subfield code="b">WIUC-1</subfield>
    <subfield code="c">REF</subfield>
    <subfield code="d">2014-07-07</subfield>
    <subfield code="l">0</subfield>
    <subfield code="o">HB99.5.B488</subfield>
    <subfield code="p">7443/472/13</subfield>
    <subfield code="r">2014-07-07 00:00:00</subfield>
    <subfield code="t">1</subfield>
    <subfield code="w">2014-07-07</subfield>
    <subfield code="y">BK</subfield>
  </datafield>
</record>
